| 000 | 00689nam a2200265Ia 4500 | ||
|---|---|---|---|
| 001 | Para_6239 | ||
| 003 | CHAP | ||
| 008 | 220125s1982 xx 000 0 und d | ||
| 010 | _a204982 | ||
| 040 | _cCHAP | ||
| 090 | _aPA FOLLETO 338 | ||
| 110 |
_aBayer de México, S.A. _9163908 |
||
| 245 |
_aManual fitosanitario de la vid / _c por Bayer de México |
||
| 260 |
_aMéxico : _b Bayer |
||
| 300 | _a32 p. | ||
| 650 |
_aVid _x enfermedades _9119108 |
||
| 650 |
_aVid _x plagas _9119131 |
||
| 901 | _aPA FOLLETO 338 | ||
| 902 | _aA | ||
| 905 | _a0000001982 a 0000000000 00 | ||
| 910 | _a1982 | ||
| 942 | _cPARA | ||
| 942 |
_cPARA _d1 |
||
| 999 |
_c204982 _d204982 |
||